Cele mai mari 25 orașe din România pe hartă - Statistics

General Stats
  • This quiz has been taken 20 times
  • The average score is 17 of 25
Answers on the Map
Answers color-coded by a green-red scale on the quiz's map according to % correct below.
 
Answer Stats
Oraş Populație % Correct
Arad 150 mii
86%
Botoșani 90 mii
86%
Brașov 240 mii
86%
București 1,7 mil
86%
Cluj-Napoca 290 mii
86%
Galați 220 mii
86%
Iași 270 mii
86%
Timișoara 250 mii
86%
Brăila 155 mii
71%
Constanța 260 mii
71%
Craiova 230 mii
71%
Oradea 180 mii
71%
Sibiu 135 mii
71%
Suceava 85 mii
71%
Bacău 140 mii
57%
Baia Mare 110 mii
57%
Drobeta-Turnu Severin 80 mii
57%
Pitești 140 mii
57%
Ploiești 180 mii
57%
Satu Mare 90 mii
57%
Buzău 105 mii
43%
Piatra Neamț 80 mii
43%
Râmnicu Vâlcea 95 mii
43%
Târgu Mureș 115 mii
43%
Bistrița 80 mii
29%
No matching quizzes found
Score Distribution
Percent of People with Each Score
Percentile by Number Answered
Your Score History
You have not taken this quiz